Fr. Conceicao Rodrigues College of Engineering

Value Engineering (Record no. 31935)

MARC details
000 -LEADER
fixed length control field 00189nam a2200097Ia 4500
100 ## - MAIN ENTRY--PERSONAL NAME
Personal name Mudge/Arthur E.
245 ## - TITLE STATEMENT
Title Value Engineering
260 ## - PUBLICATION, DISTRIBUTION, ETC.
Name of publisher, distributor, etc. McGraw Hill
300 ## - PHYSICAL DESCRIPTION
Extent 286
942 ## - ADDED ENTRY ELEMENTS (KOHA)
Koha item type BOOK
Holdings
Withdrawn status Lost status Damaged status Not for loan Collection Home library Current library Date acquired Cost, normal purchase price Inventory number Total Checkouts Full call number Barcode Date last seen Cost, replacement price Price effective from Koha item type
        AFT Fr. Agnel's C.Rodrigues College of Engineering Fr. Agnel's C.Rodrigues College of Engineering 17/03/2023 148.00 T-43   AFT1488 17/03/2023 148.00 17/03/2023 BOOK